Estadísticas para 15 principales países afectados por Covid19 - 20 de mayo

Haz click aquí para intentar la prueba.

Estadísticas generales

  • Esta prueba ha sido intentada 8 veces
  • La puntuación promedio es 16 de 25

Estadísticas de respuestas

país% Correcto
España
100%
Estados Unidos
100%
Italia
100%
Alemania
86%
China
86%
Francia
86%
India
86%
Reino Unido
86%
Rusia
86%
Bélgica
71%
Brasil
71%
Irán
71%
Perú
71%
Turquía
71%
Arabia Saudita
57%
Canadá
57%
Irlanda
57%
Portugal
57%
Suecia
43%
Suiza
43%
Baréin
29%
Bielorrusia
14%
Catar
14%
Kuwait
14%
Singapur
14%

Distribución de puntuación

Porcentaje por número respondido

Porcentaje de gente con cada puntuación

Historial de tus puntuaciones

No has intentado esta prueba.